| 000 | 00466nam a2200145 i 4500 | ||
|---|---|---|---|
| 001 | 38547 | ||
| 003 | ES-MaACL | ||
| 007 | t| | ||
| 008 | 030225s1982 sp ||||1| spa d | ||
| 100 | 1 |
_aCámara Alvarez, Manuel de la. _933991 |
|
| 245 | 1 | 3 |
_aLa adquisición "a non domino" de bienes muebles... / _cManuel de la Cámara Alvarez. |
| 260 |
_aMadrid : _bRevista de Derecho Privado, _c[1982] |
||
| 300 |
_aXIII, 325 p. ; _c22 cm. |
||
| 852 |
_aES-MaACL _jL-4268 _bR.104588 |
||
| 999 |
_c38547 _d38547 |
||